=LDR 00000nam 2200000 4500 =001 INLIS000000000030193 =005 20130612132347 =008 ***********************************Ind** =035 ##$$0010-061300000030193 =041 ##$$a Ind =082 ##$$a 345.598.03 =090 ##$$a 345.598.03, Adi h =100 ##$$a Adji, Umar Seno =245 ##$$a Herziening ganti rugi suap, perkembangan delik, Prof. H. Oemar Seno Adji =260 ##$$a 1981 $b Jakarta =300 ##$$a 381 hlm, 21 cm =850 ##$$a NBPNMAT